[Event "NOR-chT Club"]
[Site "Drammen"]
[Date "2019.05.30"]
[Round "5"]
[White "Lystad, Frank"]
[Black "Ugland, Torge"]
[Result "1/2-1/2"]
[WhiteElo "1771"]
[BlackElo "1592"]
[PlyCount "49"]
[EventDate "2019.05.30"]
[EventType "team-swiss"]
[EventRounds "6"]
[EventCountry "NOR"]
[SourceTitle "CBM 190 Extra"]
[Source "ChessBase"]
[SourceDate "2019.07.15"]
[SourceVersion "1"]
[SourceVersionDate "2019.07.15"]
[SourceQuality "1"]
[WhiteTeam "Honefoss"]
[BlackTeam "Nordstrand II"]
[WhiteTeamCountry "NOR"]
[BlackTeamCountry "NOR"]

1. d4 d5 2. Bf4 Nf6 3. e3 Bf5 4. Nd2 e6 5. Ngf3 Be7 6. Ne5 Nbd7 7. g4 Bg6 8. Nxg6 hxg6 9. Bd3 Nb6 10. Qe2 Bd6 11. Bxd6 Qxd6 12. f3 0-0-0 13. 0-0-0 Nfd7 14. c4 dxc4 15. Nxc4 Nxc4 16. Bxc4 Nb6 17. Bd3 Nd5 18. Kb1 Qb6 19. Rc1 Kb8 20. Rc5 c6 21. a3 Rhe8 22. Rhc1 e5 23. dxe5 Rxe5 24. Be4 f5 25. Bxd5 1/2-1/2

[Event "Reykjavik op"]
[Site "Reykjavik"]
[Date "2015.03.16"]
[Round "8"]
[White "Ugland, Torge"]
[Black "Stuhr, Finn"]
[Result "1/2-1/2"]
[WhiteElo "1636"]
[BlackElo "1823"]
[PlyCount "41"]
[EventDate "2015.03.10"]
[EventType "swiss"]
[EventRounds "10"]
[EventCountry "ISL"]
[SourceTitle "CBM 165 Extra"]
[Source "ChessBase"]
[SourceDate "2015.04.21"]
[SourceVersion "1"]
[SourceVersionDate "2015.04.21"]
[SourceQuality "1"]

1. e4 e5 2. Nf3 Nc6 3. d4 exd4 4. Bc4 Bc5 5. 0-0 d6 6. c3 Bg4 7. Qb3 Qd7 8. Bxf7+ Qxf7 9. Qxb7 Kd7 10. Qxa8 Bxf3 11. gxf3 Qxf3 12. e5 dxe5 13. b4 Bd6 14. b5 Qg4+ 15. Kh1 Qf3+ 16. Kg1 Qg4+ 17. Kh1 Qf3+ 18. Kg1 Qg4+ 19. Kh1 Qf3+ 20. Kg1 Qg4+ 21. Kh1 1/2-1/2

[Event "Reykjavik op"]
[Site "Reykjavik"]
[Date "2015.03.15"]
[Round "7"]
[White "Arroyo Figuero, Fernando"]
[Black "Ugland, Torge"]
[Result "1-0"]
[WhiteElo "1835"]
[BlackElo "1636"]
[PlyCount "73"]
[EventDate "2015.03.10"]
[EventType "swiss"]
[EventRounds "10"]
[EventCountry "ISL"]
[SourceTitle "CBM 165 Extra"]
[Source "ChessBase"]
[SourceDate "2015.04.21"]
[SourceVersion "1"]
[SourceVersionDate "2015.04.21"]
[SourceQuality "1"]

1. e4 e5 2. Nf3 Nc6 3. Nc3 Nf6 4. d4 exd4 5. Nxd4 Nxd4 6. Qxd4 d6 7. Bg5 Be7 8. 0-0-0 h6 9. Bh4 g5 10. Bg3 Bd7 11. e5 dxe5 12. Bxe5 c5 13. Qc4 0-0 14. h4 Ng4 15. Qe2 Nxe5 16. Qxe5 Re8 17. Bb5 Bf6 18. Qg3 Be5 19. Qf3 g4 20. Qxb7 Bxc3 21. bxc3 Qa5 22. Qxd7 Qa3+ 23. Kb1 Rab8 24. Qxe8+ Rxe8 25. Bxe8 Qxc3 26. Rd3 Qb4+ 27. Rb3 Qe4 28. Bd7 c4 29. f3 Qd5 30. Rb8+ Kg7 31. Bxg4 c3 32. Rb3 Qc5 33. Bd7 Kf6 34. Rd1 a6 35. g4 Ke5 36. a3 Kf4 37. Rd3 1-0

[Event "Drammen CC-ch"]
[Site "Drammen"]
[Date "2014.03.11"]
[Round "6"]
[White "Ugland, Torge"]
[Black "Andersson, Oivind"]
[Result "1-0"]
[WhiteElo "1386"]
[BlackElo "1138"]
[PlyCount "116"]
[EventDate "2014.01.14"]
[EventType "swiss"]
[EventRounds "9"]
[EventCountry "NOR"]
[SourceTitle "EXT 2024"]
[Source "ChessBase"]
[SourceDate "2023.10.10"]
[SourceVersion "1"]
[SourceVersionDate "2023.10.10"]
[SourceQuality "1"]

1. e4 c5 2. Nf3 Nc6 3. Bb5 Qc7 4. 0-0 a6 5. Bxc6 Qxc6 6. Re1 d6 7. c4 Bg4 8. Nc3 e6 9. d3 Be7 10. h3 Bh5 11. Bf4 g5 12. Bg3 0-0-0 13. Rb1 Nh6 14. b4 Bf6 15. b5 Qb6 16. bxa6 Qxa6 17. Nb5 Be5 18. Rb3 Bxg3 19. Ra3 Qb6 20. fxg3 g4 21. Nh2 Rhg8 22. h4 Kd7 23. Qd2 Rg6 24. Rf1 f6 25. Qb2 Ke7 26. Rb3 Rd7 27. Nd4 Qa6 28. Ra3 Qxa3 29. Qxa3 cxd4 30. c5 Nf7 31. Rb1 e5 32. Rb6 Rg7 33. Nf1 dxc5 34. Qxc5+ Nd6 35. Nd2 Bf7 36. Nb3 Bxb3 37. Rxb3 h5 38. Qc1 Rh7 39. Qc5 Rg7 40. Ra3 Rf7 41. Ra8 Rh7 42. Rg8 Kf7 43. Qd5+ Ke7 44. Rb8 Rf7 45. Rh8 Nf5 46. Qc5+ Nd6 47. Rxh5 Kf8 48. Rh8+ Kg7 49. Qc8 Kg6 50. Qc1 Rh7 51. Rxh7 Kxh7 52. Kf2 Kg6 53. Qc5 Nxe4+ 54. dxe4 d3 55. Ke1 d2+ 56. Kd1 Rd4 57. Qc8 b5 58. Qg8+ Kh6 1-0

[Event "Drammen CC-ch"]
[Site "Drammen"]
[Date "2014.03.04"]
[Round "5"]
[White "Jorgensen, Terje"]
[Black "Ugland, Torge"]
[Result "0-1"]
[WhiteElo "608"]
[BlackElo "1386"]
[PlyCount "48"]
[EventDate "2014.01.14"]
[EventType "swiss"]
[EventRounds "9"]
[EventCountry "NOR"]
[SourceTitle "EXT 2024"]
[Source "ChessBase"]
[SourceDate "2023.10.10"]
[SourceVersion "1"]
[SourceVersionDate "2023.10.10"]
[SourceQuality "1"]

1. d4 d5 2. c4 e6 3. Nc3 Nf6 4. b3 Nc6 5. Nf3 g6 6. Bb2 Bg7 7. Qc2 0-0 8. g3 Ne7 9. Bg2 c6 10. 0-0 Nf5 11. Rfe1 dxc4 12. bxc4 Nxd4 13. Nxd4 Qxd4 14. Qe4 Nxe4 15. Bxe4 Qxc4 16. Bd3 Qb4 17. Rab1 Bxc3 18. Bxc3 Qxc3 19. Rec1 Qf6 20. f4 Rd8 21. Bc4 b6 22. Re1 Qd4+ 23. Kg2 Qxc4 24. e4 Qxa2+ 0-1

[Event "NOR-ch Class3"]
[Site "Lillehammer"]
[Date "2013.06.29"]
[Round "7"]
[White "Ugland, Torge"]
[Black "Ellingsrud, Bjorn"]
[Result "1/2-1/2"]
[WhiteElo "1413"]
[BlackElo "1262"]
[PlyCount "42"]
[EventDate "2013.06.29"]
[EventType "swiss"]
[EventRounds "9"]
[EventCountry "NOR"]
[SourceTitle "EXT 2017"]
[Source "ChessBase"]
[SourceDate "2016.10.25"]
[SourceVersion "1"]
[SourceVersionDate "2016.10.25"]
[SourceQuality "1"]

1. e4 e5 2. Nf3 Nc6 3. Bc4 Bc5 4. c3 h6 5. d4 exd4 6. cxd4 Bb4+ 7. Nc3 d6 8. a3 Bxc3+ 9. bxc3 Nf6 10. 0-0 0-0 11. Re1 d5 12. exd5 Nxd5 13. Qc2 Be6 14. Ba2 Qd7 15. Ne5 Nxe5 16. Rxe5 f6 17. Rh5 Qf7 18. Bxd5 Bxd5 19. Rh3 f5 20. f4 Rae8 21. Re3 Be4 1/2-1/2

[Event "Drammen CC-ch"]
[Site "Drammen"]
[Date "2013.03.06"]
[Round "5"]
[White "Andersson, Oivind"]
[Black "Ugland, Torge"]
[Result "0-1"]
[WhiteElo "1131"]
[BlackElo "1437"]
[PlyCount "38"]
[EventDate "2013.01.15"]
[EventType "swiss"]
[EventRounds "9"]
[EventCountry "NOR"]
[SourceTitle "EXT 2024"]
[Source "ChessBase"]
[SourceDate "2023.10.10"]
[SourceVersion "1"]
[SourceVersionDate "2023.10.10"]
[SourceQuality "1"]

1. e4 e5 2. Nf3 Nc6 3. Bb5 a6 4. Ba4 d6 5. d4 b5 6. Bb3 exd4 7. Nxd4 Nxd4 8. Bd5 c6 9. Qxd4 cxd5 10. exd5 Nf6 11. 0-0 Be7 12. Re1 0-0 13. b3 Ng4 14. c3 Bf6 15. Qd2 Re8 16. h3 Rxe1+ 17. Qxe1 Ne5 18. Be3 Bxh3 19. gxh3 Nf3+ 0-1

[Event "Drammen CC-ch"]
[Site "Drammen"]
[Date "2013.02.05"]
[Round "3"]
[White "Ugland, Torge"]
[Black "Yilmaz, Kazim"]
[Result "1/2-1/2"]
[WhiteElo "1437"]
[BlackElo "1340"]
[PlyCount "80"]
[EventDate "2013.01.15"]
[EventType "swiss"]
[EventRounds "9"]
[EventCountry "NOR"]
[SourceTitle "EXT 2024"]
[Source "ChessBase"]
[SourceDate "2023.10.10"]
[SourceVersion "1"]
[SourceVersionDate "2023.10.10"]
[SourceQuality "1"]

1. e4 c5 2. Nf3 d6 3. Bb5+ Bd7 4. Bxd7+ Nxd7 5. c4 Ngf6 6. d3 e5 7. 0-0 Be7 8. Nc3 0-0 9. h3 Re8 10. Nh2 Nf8 11. f4 exf4 12. Bxf4 Ng6 13. Ng4 Nxg4 14. Qxg4 Bf6 15. Rac1 Bxc3 16. Rxc3 Re6 17. Rc2 Qh4 18. Qxh4 Nxh4 19. Rcf2 f6 20. g4 Ng6 21. Bg3 Ne5 22. Rd1 Nc6 23. Kg2 Nd4 24. Rfd2 Rc8 25. Bf2 Rc6 26. Bxd4 cxd4 27. b4 a6 28. a4 Re5 29. Rb2 b5 30. cxb5 axb5 31. axb5 Rxb5 32. Kf3 h6 33. Ke2 h5 34. Kd2 hxg4 35. hxg4 Rcb6 36. Rdb1 Kf7 37. Ke2 Ke6 38. Kf3 g5 39. Ke2 Ke5 40. Kf3 d5 1/2-1/2

[Event "NOR-ch Class3"]
[Site "Sandefjord"]
[Date "2012.07.10"]
[Round "5"]
[White "Lindsjorn, Yngve"]
[Black "Ugland, Torge"]
[Result "0-1"]
[WhiteElo "1345"]
[BlackElo "1391"]
[PlyCount "64"]
[EventDate "2012.07.07"]
[EventType "swiss"]
[EventRounds "9"]
[EventCountry "NOR"]
[SourceTitle "EXT 2024"]
[Source "ChessBase"]
[SourceDate "2023.10.10"]
[SourceVersion "1"]
[SourceVersionDate "2023.10.10"]
[SourceQuality "1"]

1. e4 e5 2. Bc4 Nf6 3. d3 Bc5 4. Nc3 0-0 5. f4 exf4 6. Bxf4 d6 7. h3 Nc6 8. a3 Re8 9. Nf3 Be6 10. Bxe6 fxe6 11. Qd2 e5 12. Bg5 Nb8 13. 0-0-0 a6 14. g4 b5 15. Nd5 Nbd7 16. Kb1 c6 17. Nxf6+ Nxf6 18. c3 Rf8 19. Nh4 Qd7 20. Rhf1 Qe6 21. Nf5 Ra7 22. Rf3 d5 23. Be3 Bxe3 24. Qxe3 Raa8 25. Qg5 Ra7 26. Re1 Kh8 27. h4 dxe4 28. dxe4 Rd7 29. h5 Qf7 30. Nh4 Rfd8 31. Re2 Qb3 32. Re1 Rd2 0-1

[Event "Drammen CC-ch Class1"]
[Site "Drammen"]
[Date "2012.04.24"]
[Round "9"]
[White "Klausen, Truls Skauge"]
[Black "Ugland, Torge"]
[Result "1-0"]
[WhiteElo "1555"]
[BlackElo "1387"]
[PlyCount "85"]
[EventDate "2012.01.17"]
[EventType "swiss"]
[EventRounds "9"]
[EventCountry "NOR"]
[SourceTitle "EXT 2024"]
[Source "ChessBase"]
[SourceDate "2023.10.10"]
[SourceVersion "1"]
[SourceVersionDate "2023.10.10"]
[SourceQuality "1"]

1. e4 e5 2. f4 exf4 3. Nf3 g5 4. Bc4 Bg7 5. d4 d6 6. 0-0 Be6 7. Bxe6 fxe6 8. c3 h6 9. Re1 Ne7 10. Qb3 Qc8 11. d5 Nd7 12. c4 0-0 13. Qd1 e5 14. Nc3 Ng6 15. Rb1 g4 16. Nd2 h5 17. b4 b6 18. Na4 Nf6 19. Nb2 Nh7 20. Nd3 Ng5 21. Rf1 Qd7 22. Bb2 Rf7 23. c5 Raf8 24. cxd6 cxd6 25. Rc1 Nh4 26. Rc6 f3 27. g3 Ng2 28. Qb1 Ne3 29. Nf2 Nxf1 30. Kxf1 Rf6 31. Qc1 R6f7 32. Nc4 Rf6 33. Qxg5 Qb7 34. Qd2 Bh6 35. Qc2 Rd8 36. Nxe5 Be3 37. Nexg4 Rg6 38. Nxe3 Qa6+ 39. Qc4 Qxc4+ 40. Nxc4 Rd7 41. e5 Rgg7 42. e6 Rc7 43. Bxg7 1-0

[Event "Drammen CC-ch Class1"]
[Site "Drammen"]
[Date "2012.03.06"]
[Round "5"]
[White "Haugland, Rasmus L"]
[Black "Ugland, Torge"]
[Result "0-1"]
[WhiteElo "1447"]
[BlackElo "1387"]
[PlyCount "70"]
[EventDate "2012.01.17"]
[EventType "swiss"]
[EventRounds "9"]
[EventCountry "NOR"]
[SourceTitle "EXT 2024"]
[Source "ChessBase"]
[SourceDate "2023.10.10"]
[SourceVersion "1"]
[SourceVersionDate "2023.10.10"]
[SourceQuality "1"]

1. e4 e5 2. Nf3 Nc6 3. Nc3 d6 4. Bb5 Nf6 5. d3 Be7 6. Bg5 0-0 7. 0-0 Bg4 8. h3 Bh5 9. Bxc6 bxc6 10. Qe2 h6 11. Bh4 g5 12. Bg3 Kh7 13. Bh2 g4 14. hxg4 Bxg4 15. Qe3 Nh5 16. Bxe5 dxe5 17. Nxe5 Bd7 18. Qd4 Bd6 19. Nxd7 Re8 20. e5 Qxd7 21. exd6 Rg8 22. Qe4+ Rg6 23. dxc7 Re8 24. Qf3 Reg8 25. c8Q Qxc8 26. Qxh5 Rxg2+ 27. Kh1 R2g5 28. Qxf7+ R8g7 29. Qf3 Qe8 30. Qg3 Rxg3 31. fxg3 Rxg3 32. Kh2 Rg5 33. Rf3 Qe5+ 34. Kh1 Rh5+ 35. Kg2 Qh2+ 0-1

[Event "Drammen CC-ch Class1"]
[Site "Drammen"]
[Date "2011.03.08"]
[Round "6"]
[White "Ugland, Torge"]
[Black "Thjomoe, Hans Richard"]
[Result "0-1"]
[WhiteElo "1395"]
[BlackElo "1696"]
[PlyCount "67"]
[EventDate "2011.01.11"]
[EventType "swiss"]
[EventRounds "9"]
[EventCountry "NOR"]
[SourceTitle "EXT 2024"]
[Source "ChessBase"]
[SourceDate "2023.10.10"]
[SourceVersion "1"]
[SourceVersionDate "2023.10.10"]
[SourceQuality "1"]

1. e4 g6 2. d4 Bg7 3. Be3 d6 4. Nf3 Nf6 5. Nc3 0-0 6. h3 c5 7. Qd2 cxd4 8. Nxd4 Nc6 9. Nxc6 bxc6 10. Bh6 Be6 11. Bxg7 Kxg7 12. Bd3 Qb6 13. Rb1 Nd7 14. Na4 Qd4 15. Qc3 c5 16. b3 Nf6 17. Qxd4 cxd4 18. c4 Bd7 19. Nb2 Bc6 20. f3 Rab8 21. Kf2 h5 22. h4 Nd7 23. Rhe1 e6 24. Rbd1 Nc5 25. Bc2 e5 26. g4 hxg4 27. fxg4 a5 28. Kg3 a4 29. g5 axb3 30. axb3 Nxb3 31. Nd3 Nc5 32. Nf2 Rb7 33. Bb1 Rfb8 34. Nd3 0-1

[Event "Drammen CC-ch Class1"]
[Site "Drammen"]
[Date "2011.02.22"]
[Round "5"]
[White "Bonsaksen, Tore"]
[Black "Ugland, Torge"]
[Result "0-1"]
[WhiteElo "1441"]
[BlackElo "1395"]
[PlyCount "58"]
[EventDate "2011.01.11"]
[EventType "swiss"]
[EventRounds "9"]
[EventCountry "NOR"]
[SourceTitle "EXT 2024"]
[Source "ChessBase"]
[SourceDate "2023.10.10"]
[SourceVersion "1"]
[SourceVersionDate "2023.10.10"]
[SourceQuality "1"]

1. e4 e5 2. Nf3 Nc6 3. Bb5 a6 4. Ba4 d6 5. d4 b5 6. Bb3 Nxd4 7. Nxd4 exd4 8. 0-0 Nf6 9. c3 dxc3 10. Nxc3 Be7 11. Bf4 Bb7 12. Re1 0-0 13. Qe2 c5 14. Rad1 Re8 15. Qd2 Qb6 16. Nd5 Bxd5 17. exd5 Bf8 18. Bc2 g6 19. Bg5 Nd7 20. h4 Bg7 21. h5 Bxb2 22. hxg6 hxg6 23. Bxg6 fxg6 24. Qxb2 Re5 25. f4 Rf5 26. Re7 c4+ 27. Kh2 Ne5 28. fxe5 Rxg5 29. exd6 Qxd6+ 0-1

[Event "Drammen Autumn"]
[Site "Drammen"]
[Date "2010.11.23"]
[Round "8"]
[White "Ugland, Torge"]
[Black "Roholdt, Njaal"]
[Result "1/2-1/2"]
[WhiteElo "1409"]
[BlackElo "1334"]
[PlyCount "81"]
[EventDate "2010.09.07"]
[EventType "swiss"]
[EventRounds "9"]
[EventCountry "NOR"]
[SourceTitle "EXT 2024"]
[Source "ChessBase"]
[SourceDate "2023.10.10"]
[SourceVersion "1"]
[SourceVersionDate "2023.10.10"]
[SourceQuality "1"]

1. e4 c6 2. d4 d5 3. Nc3 dxe4 4. Nxe4 Qd5 5. Ng3 Nf6 6. Be2 e5 7. dxe5 Qxe5 8. c3 Bc5 9. Nf3 Qc7 10. Nd4 0-0 11. 0-0 Nbd7 12. Be3 Ne5 13. Ne6 Bxe6 14. Bxc5 Rfd8 15. Qc2 Ng6 16. Rad1 Qa5 17. b4 Qxa2 18. Qxa2 Bxa2 19. Rxd8+ Rxd8 20. Bxa7 Nf4 21. Bf3 Bc4 22. Rd1 Ra8 23. h3 h6 24. Bd4 N6d5 25. Nf5 Be2 26. Bxe2 Nxe2+ 27. Kh2 Nxd4 28. Rxd4 Nxc3 29. Rd7 b5 30. Nd6 Nd5 31. Nxf7 Nxb4 32. Ne5 Rc8 33. Ng6 Kh7 34. Nf4 Re8 35. Nh5 Kg6 36. Nxg7 Re2 37. g4 Rxf2+ 38. Kg3 Rf7 39. Rxf7 Kxf7 40. Nf5 Kg6 41. Nd4 1/2-1/2

[Event "Drammen Autumn"]
[Site "Drammen"]
[Date "2010.10.12"]
[Round "5"]
[White "Sliper, Marius"]
[Black "Ugland, Torge"]
[Result "0-1"]
[WhiteElo "538"]
[BlackElo "1409"]
[PlyCount "78"]
[EventDate "2010.09.07"]
[EventType "swiss"]
[EventRounds "9"]
[EventCountry "NOR"]
[SourceTitle "EXT 2024"]
[Source "ChessBase"]
[SourceDate "2023.10.10"]
[SourceVersion "1"]
[SourceVersionDate "2023.10.10"]
[SourceQuality "1"]

1. e4 e5 2. Nf3 Nc6 3. Bc4 Bc5 4. d3 Nf6 5. Nc3 d6 6. Bg5 h6 7. Bxf6 Qxf6 8. Nd5 Qd8 9. Bb5 0-0 10. c3 Bg4 11. h3 Bh5 12. d4 exd4 13. cxd4 Nxd4 14. Be2 Nxe2 15. Qxe2 Bg6 16. 0-0 Re8 17. Rfd1 Rxe4 18. Ne3 Qe7 19. Re1 Re8 20. Rad1 Bxe3 21. fxe3 c6 22. Qd3 d5 23. Kf2 Qf6 24. Qc3 Qd8 25. Rd4 Qb6 26. Rxe4 Rxe4 27. Ne5 Bf5 28. g4 Be6 29. Rg1 d4 30. exd4 Rxe5 31. Re1 Rxe1 32. Kxe1 Bxa2 33. Qe3 Qb4+ 34. Kf1 Bc4+ 35. Kf2 Qxb2+ 36. Kg3 Qb3 37. Qxb3 Bxb3 38. Kf4 a5 39. Ke5 a4 0-1

[Event "NOR-chT Clubs"]
[Site "Drammen"]
[Date "2010.10.08"]
[Round "1.13"]
[White "Ugland, Torge"]
[Black "Jacobsen, Maria Pitz"]
[Result "1/2-1/2"]
[WhiteElo "1409"]
[BlackElo "1751"]
[PlyCount "108"]
[EventDate "2010.10.08"]
[EventType "team"]
[EventRounds "6"]
[EventCountry "NOR"]
[SourceTitle "EXT 2015"]
[Source "ChessBase"]
[SourceDate "2014.11.20"]
[SourceVersion "1"]
[SourceVersionDate "2014.11.20"]
[SourceQuality "1"]
[WhiteTeam "Drammen II"]
[BlackTeam "Valerenga"]
[WhiteTeamCountry "NOR"]
[BlackTeamCountry "NOR"]

1. e4 e5 2. Nf3 Nc6 3. Bc4 Nf6 4. Nc3 Bc5 5. 0-0 d6 6. d3 Bg4 7. h3 Bh5 8. Be3 0-0 9. Na4 Bxe3 10. fxe3 d5 11. exd5 Nxd5 12. Bxd5 Qxd5 13. Nc3 Qc5 14. Qd2 Rad8 15. Ne4 Qb6 16. Qf2 f5 17. Neg5 Rf6 18. Nh4 h6 19. Ngf3 f4 20. e4 Qxf2+ 21. Rxf2 g5 22. Nf5 Kh7 23. Raf1 Bxf3 24. gxf3 Nd4 25. Nxd4 Rxd4 26. b3 b5 27. a3 Ra6 28. Ra1 h5 29. Kf1 b4 30. a4 Rg6 31. Rg2 a5 32. Kf2 Rd7 33. Rag1 Rdg7 34. Kf1 Kg8 35. Ke1 Kf7 36. Kd2 Ke7 37. c3 bxc3+ 38. Kxc3 Rc6+ 39. Kb2 Kf6 40. h4 Rd6 41. Rxg5 Rxg5 42. Rxg5 Rxd3 43. Rxh5 Rxf3 44. Rh6+ Ke7 45. Rh5 Ke6 46. Rh6+ Ke7 47. Rh7+ Kd6 48. h5 Re3 49. h6 Rxe4 50. Rf7 Re2+ 51. Kc3 Rh2 52. h7 c6 53. Kd3 Kd5 54. Rd7+ Ke6 1/2-1/2

[Event "Drammen Autumn"]
[Site "Drammen"]
[Date "2010.09.28"]
[Round "1"]
[White "Melby, Jarle"]
[Black "Ugland, Torge"]
[Result "0-1"]
[WhiteElo "945"]
[BlackElo "1409"]
[PlyCount "84"]
[EventDate "2010.09.07"]
[EventType "swiss"]
[EventRounds "9"]
[EventCountry "NOR"]
[SourceTitle "EXT 2024"]
[Source "ChessBase"]
[SourceDate "2023.10.10"]
[SourceVersion "1"]
[SourceVersionDate "2023.10.10"]
[SourceQuality "1"]

1. e4 e5 2. Nf3 Nc6 3. Bc4 Nf6 4. d3 Bc5 5. Ng5 d5 6. exd5 Nxd5 7. Qf3 Be6 8. c3 0-0 9. b4 Bb6 10. Qe4 g6 11. b5 Na5 12. Qxe5 Nxc4 13. dxc4 Qf6 14. Qxf6 Nxf6 15. Nxe6 Rfe8 16. Kd1 Rxe6 17. f3 Rd8+ 18. Kc2 Re2+ 19. Kb3 Rxg2 20. Bh6 Re2 21. Na3 Be3 22. Bxe3 Rxe3 23. f4 Ne4 24. Rhe1 Rxe1 25. Rxe1 f5 26. Kb4 b6 27. Nb1 Kf7 28. a4 Nc5 29. Ka3 a5 30. h4 Ne6 31. h5 Nxf4 32. hxg6+ hxg6 33. Rf1 g5 34. Re1 Kf6 35. Rh1 Rd7 36. c5 g4 37. cxb6 cxb6 38. Rh6+ Ng6 39. c4 g3 40. Nc3 Rd3 41. Kb2 g2 42. Kc2 Rxc3+ 0-1

[Event "Drammen Autumn"]
[Site "Drammen"]
[Date "2010.09.21"]
[Round "3"]
[White "Stokke, Jan"]
[Black "Ugland, Torge"]
[Result "1-0"]
[WhiteElo "1799"]
[BlackElo "1409"]
[PlyCount "69"]
[EventDate "2010.09.07"]
[EventType "swiss"]
[EventRounds "9"]
[EventCountry "NOR"]
[SourceTitle "EXT 2024"]
[Source "ChessBase"]
[SourceDate "2023.10.10"]
[SourceVersion "1"]
[SourceVersionDate "2023.10.10"]
[SourceQuality "1"]

1. Nf3 d5 2. g3 Nf6 3. Bg2 b6 4. 0-0 Bb7 5. d4 e6 6. Ne5 Nbd7 7. c4 c5 8. Bg5 Be7 9. Nc3 h6 10. cxd5 exd5 11. Bxf6 Nxf6 12. Qa4+ Kf8 13. Rad1 a6 14. dxc5 Bxc5 15. b4 Qc7 16. bxc5 Qxe5 17. c6 Bc8 18. Nxd5 g6 19. Nxb6 Rb8 20. Rd8+ Kg7 21. Rxh8 Kxh8 22. Nxc8 Rxc8 23. Qxa6 Rc7 24. Qa8+ Kg7 25. Qb8 Ne8 26. e3 Qe7 27. Rd1 Ra7 28. Rd8 Nf6 29. h3 Nh5 30. Rg8+ Kh7 31. Re8 Qc5 32. Rh8+ Kg7 33. Qb2+ Nf6 34. Rb8 Qd6 35. Rb7 1-0

[Event "Drammen Autumn"]
[Site "Drammen"]
[Date "2009.12.01"]
[Round "9"]
[White "Dawar, Emal"]
[Black "Ugland, Torge"]
[Result "1-0"]
[WhiteElo "1427"]
[BlackElo "1419"]
[PlyCount "83"]
[EventDate "2009.09.08"]
[EventType "swiss"]
[EventRounds "9"]
[EventCountry "NOR"]
[SourceTitle "EXT 2024"]
[Source "ChessBase"]
[SourceDate "2023.10.10"]
[SourceVersion "1"]
[SourceVersionDate "2023.10.10"]
[SourceQuality "1"]

1. e4 e5 2. Bc4 Nf6 3. Nc3 Nc6 4. d3 Na5 5. Bb3 Be7 6. Nf3 Nxb3 7. axb3 d6 8. h3 0-0 9. Bg5 b6 10. Nb5 a6 11. c4 Bb7 12. Nc3 Nd7 13. Bxe7 Qxe7 14. g4 f6 15. Ne2 Nc5 16. Ng3 Ne6 17. Nf5 Qf7 18. h4 Kh8 19. h5 a5 20. N3h4 Nf4 21. Qf3 Bc6 22. d4 Bd7 23. d5 Be8 24. Kd2 Qd7 25. b4 Bf7 26. b5 Qe8 27. Rhg1 h6 28. Ng2 Nxg2 29. Rxg2 Bg8 30. Qe3 Bh7 31. Nh4 Rf7 32. Rh2 Qf8 33. Ng6+ Bxg6 34. hxg6 Re7 35. Rh3 Kg8 36. Rf3 Rd8 37. Rf5 Rdd7 38. g5 Qe8 39. gxf6 gxf6 40. Qxh6 Rh7 41. gxh7+ Kh8 42. Qxf6+ 1-0

[Event "Drammen Autumn"]
[Site "Drammen"]
[Date "2009.11.10"]
[Round "7"]
[White "Ugland, Torge"]
[Black "Slettehaug, Roar"]
[Result "1/2-1/2"]
[WhiteElo "1419"]
[BlackElo "1657"]
[PlyCount "37"]
[EventDate "2009.09.08"]
[EventType "swiss"]
[EventRounds "9"]
[EventCountry "NOR"]
[SourceTitle "EXT 2024"]
[Source "ChessBase"]
[SourceDate "2023.10.10"]
[SourceVersion "1"]
[SourceVersionDate "2023.10.10"]
[SourceQuality "1"]

1. e4 e5 2. Nf3 f5 3. Nxe5 Qf6 4. d4 d6 5. Nc4 fxe4 6. Ne3 c6 7. d5 Be7 8. c4 Qe5 9. Nc3 Nf6 10. Be2 0-0 11. Qc2 Nbd7 12. b3 Re8 13. Bb2 Qg5 14. Nxe4 Nxe4 15. Qxe4 Nf6 16. Qd3 Bd7 17. h3 a6 18. h4 Qh6 19. Nf5 1/2-1/2